Advances in agronomy. V 29 (Record no. 27927)

MARC details
000 -LEADER
fixed length control field 00442nam a2200169Ia 4500
082 ## - DEWEY DECIMAL CLASSIFICATION NUMBER
Classification number 631/635
Item number ADV.29
245 #0 - TITLE STATEMENT
Title Advances in agronomy. V 29
260 ## - PUBLICATION, DISTRIBUTION, ETC. (IMPRINT)
Place of publication New York
Name of publisher Academic
Year of publication 1977
650 ## - SUBJECT ADDED ENTRY--TOPICAL TERM
Topical Term Agronomy
650 ## - SUBJECT ADDED ENTRY--TOPICAL TERM
Topical Term Grass
650 ## - SUBJECT ADDED ENTRY--TOPICAL TERM
Topical Term Nitrogen fixation
650 ## - SUBJECT ADDED ENTRY--TOPICAL TERM
Topical Term Soil organic phosphorus
650 ## - SUBJECT ADDED ENTRY--TOPICAL TERM
Topical Term Somatic cell genetics
650 ## - SUBJECT ADDED ENTRY--TOPICAL TERM
Topical Term Trickle drip irrigation
942 ## - ADDED ENTRY ELEMENTS (KOHA)
Koha item type Books
Holdings
Withdrawn status Lost status Damaged status Not for loan Home library Current library Date acquired Full call number Accession Number Koha item type
        RRII Library RRII Library 16/12/2021 631/635 ADV.29 08542 Books